| 000 | 01364nam a2200325 a 4500 | ||
|---|---|---|---|
| 001 | ebr10046957 | ||
| 003 | CaPaEBR | ||
| 006 | m u | ||
| 007 | cr cn||||||||| | ||
| 008 | 000103s2000 maua sb 001 0 eng | ||
| 010 | _z 00020394 | ||
| 020 | _z0792377931 (acid-free paper) | ||
| 040 |
_aCaPaEBR _cCaPaEBR |
||
| 035 | _a(OCoLC)50322394 | ||
| 050 | 1 | 4 |
_aZ695.92 _b.M63 2000eb |
| 082 | 0 | 4 |
_a025.3/0285 _221 |
| 100 | 1 |
_aMoens, Marie-Francine, _d1957- |
|
| 245 | 1 | 0 |
_aAutomatic indexing and abstracting of document texts _h[electronic resource] / _cby Marie-Francine Moens. |
| 260 |
_aBoston : _bKluwer Academic Publishers, _cc2000. |
||
| 300 |
_axvi, 265 p. : _bill. |
||
| 490 | 1 |
_aThe Kluwer international series on information retrieval ; _v6 |
|
| 504 | _aIncludes bibliographical references (p. p. [237]-260) and index. | ||
| 533 |
_aElectronic reproduction. _bPalo Alto, Calif. : _cebrary, _d2013. _nAvailable via World Wide Web. _nAccess may be limited to ebrary affiliated libraries. |
||
| 650 | 0 | _aAutomatic indexing. | |
| 650 | 0 | _aAutomatic abstracting. | |
| 655 | 7 |
_aElectronic books. _2local |
|
| 710 | 2 | _aebrary, Inc. | |
| 830 | 0 |
_aKluwer international series on information retrieval ; _v6. |
|
| 856 | 4 | 0 |
_uhttp://site.ebrary.com/lib/rucke/Doc?id=10046957 _zAn electronic book accessible through the World Wide Web; click to view |
| 999 |
_c173498 _d173498 |
||